000 01521nam a22002417a 4500
999 _c1741
_d1741
005 20230125103820.0
008 230125b ||||| |||| 00| 0 eng d
020 _a9781108738910
040 _cKH8
082 _a495.1 MAK
100 _aMak, Martin
_eauthor
245 _aMandarin for Cambridge IGCSE:
_bWorkbook/
_cMartin Mak, Xixia Wang, Ivy Liu So Ling
260 _bCambridge University Press,
_c2020.
300 _a134 p. ;
_bb&w ill. :
_c28 cm.
505 _aUnit A. Everyday activities: 1. Greetings and introductions; 2. Family and pets; 3. Everyday life; 4. Hobbies; 5 Eating and drinking; Unit B. Personal and social life: 6. Health and fitness; 7. Home life; 8. Clothes; 9. Shopping; 10. Living environment; 11. School routine; 12. School facilities; Unit C. The world around us; 13. Weather and climate; 14. Transportation; 15. Holidays Travel experiences; 16. Holidays: Planning a trip; 17. Public services and customs; Unit D. The world of work: 18. Work experience; 19. Applying for a job; 20. Future education and career plans; Unit E: International world: 21. Interviewing Chinese celebrities; 22. Technology and social media; 23. Chinese festivals; 24. Learning Chinese as a foreign language; 25. Saving the planet.
650 _aWorkbook
650 _aChinese language Examinations
650 _aChinese language Examinations Study guides
700 _aLiu So Ling, Ivy
_eauthor
700 _aXixia, Wang
_eauthor
710 _aCambridge Assessment International Education
942 _2ddc
_cTR